Biofuels, solar and wind as renewable energy systems : (Record no. 11567)
[ view plain ]
| 000 -LEADER | |
|---|---|
| fixed length control field | 01187nam a22002775a 4500 |
| 001 - CONTROL NUMBER | |
| control field | 15334484 |
| 005 - DATE AND TIME OF LATEST TRANSACTION | |
| control field | 20080618110533.0 |
| 008 - FIXED-LENGTH DATA ELEMENTS--GENERAL INFORMATION | |
| fixed length control field | 080618s2008 nyu 000 0 eng |
| 010 ## - LIBRARY OF CONGRESS CONTROL NUMBER | |
| LC control number | 2008931413 |
| 020 ## - INTERNATIONAL STANDARD BOOK NUMBER | |
| International Standard Book Number | 9781402086533 (hardcover) |
| 020 ## - INTERNATIONAL STANDARD BOOK NUMBER | |
| International Standard Book Number | 9781402086540 (E- ISBN) |
| 040 ## - CATALOGING SOURCE | |
| Original cataloging agency | DLC |
| Transcribing agency | DLC |
| 082 ## - DEWEY DECIMAL CLASSIFICATION NUMBER | |
| Edition number | 20 |
| Classification number | 621.042 |
| Item number | BIO |
| 245 00 - TITLE STATEMENT | |
| Title | Biofuels, solar and wind as renewable energy systems : |
| Remainder of title | Benefits and risks / |
| Statement of responsibility, etc | Edited by David Pimentel. |
| 260 ## - PUBLICATION, DISTRIBUTION, ETC. (IMPRINT) | |
| Place of publication, distribution, etc | New York : |
| Name of publisher, distributor, etc | Springer, |
| Date of publication, distribution, etc | c2008. |
| 263 ## - PROJECTED PUBLICATION DATE | |
| Projected publication date | 0809 |
| 300 ## - PHYSICAL DESCRIPTION | |
| Extent | xxi, 504 p; |
| Dimensions | 23 cm. |
| Other physical details | ill.; |
| 500 ## - GENERAL NOTE | |
| General note | Includes Index. |
| 504 ## - BIBLIOGRAPHY, ETC. NOTE | |
| Bibliography, etc | Includes bibliographical references and index. |
| 650 ## - SUBJECT ADDED ENTRY--TOPICAL TERM | |
| 9 (RLIN) | 3747 |
| Topical term or geographic name as entry element | Renewable energy sources. |
| 700 1# - ADDED ENTRY--PERSONAL NAME | |
| Personal name | Pimentel, David |
| 9 (RLIN) | 5627 |
| 942 ## - ADDED ENTRY ELEMENTS (KOHA) | |
| Source of classification or shelving scheme | Dewey Decimal Classification |
| Item type | Book - Borrowing |
| Withdrawn status | Item status | Source of classification or shelving scheme | Damaged status | Not for loan | Vendor | Home library | Current library | Shelving location | Date acquired | Source of acquisition | Cost, normal purchase price | Serial Enumeration / chronology | Total Checkouts | Total Renewals | Full call number | Barcode | Date last seen | Date last borrowed | Koha item type |
|---|---|---|---|---|---|---|---|---|---|---|---|---|---|---|---|---|---|---|---|
| Dewey Decimal Classification | Baccah | Central Library | Central Library | First floor | 20/05/2009 | 440.00 | 7117 | 1 | 1 | 621.042 BIO | 000016179 | 15/07/2025 | 21/12/2009 | Book - Borrowing | |||||
| Dewey Decimal Classification | Alahram | Central Library | Central Library | First floor | 30/05/2009 | 440.00 | 358 | 4 | 14 | 621.042 BIO | 000016547 | 15/07/2025 | 04/12/2019 | Book - Borrowing |